000 00474cam a2200145 4500500
005 20251228074218.0
041 _afre
042 _adc
100 1 0 _aLabouret, Mireille
_eauthor
245 0 0 _aDe la lettre volée à l'imposture épistolaire
260 _c2011.
500 _a70
786 0 _nL'Année balzacienne | 11 | 1 | 2011-02-14 | p. 59-78 | 0084-6473
856 4 1 _uhttps://shs.cairn.info/revue-l-annee-balzacienne-2010-1-page-59?lang=fr&redirect-ssocas=7080
999 _c1597183
_d1597183